In-circuit testing / (Record no. 1858)

000 -LEADER
fixed length control field 00709pam a2200253 a 4500
001 - CONTROL NUMBER
control field 480750
003 - CONTROL NUMBER IDENTIFIER
control field OSt
005 - DATE AND TIME OF LATEST TRANSACTION
control field 20150611172530.0
008 - FIXED-LENGTH DATA ELEMENTS--GENERAL INFORMATION
fixed length control field 841206s1985 nyua b 001 0 eng
010 ## - LIBRARY OF CONGRESS CONTROL NUMBER
LC control number 84027128
020 ## - INTERNATIONAL STANDARD BOOK NUMBER
International Standard Book Number 0442212844
040 ## - CATALOGING SOURCE
Original cataloging agency DLC
Transcribing agency DLC
Modifying agency DLC
050 00 - LIBRARY OF CONGRESS CALL NUMBER
Classification number TK7868.P7B37 1985
082 00 - DEWEY DECIMAL CLASSIFICATION NUMBER
Classification number 621.381/74/0287
Edition number 19
100 1# - MAIN ENTRY--PERSONAL NAME
Personal name Bateson, John.
245 10 - TITLE STATEMENT
Title In-circuit testing /
Statement of responsibility, etc John Bateson.
260 ## - PUBLICATION, DISTRIBUTION, ETC. (IMPRINT)
Place of publication, distribution, etc New York :
Name of publisher, distributor, etc Van Nostrand Reinhold,
Date of publication, distribution, etc c1985.
300 ## - PHYSICAL DESCRIPTION
Extent xvii, 243 p. :
Other physical details ill. ;
Dimensions 24 cm.
500 ## - GENERAL NOTE
General note Includes index.
504 ## - BIBLIOGRAPHY, ETC. NOTE
Bibliography, etc Bibliography: p. 219.
650 #0 - SUBJECT ADDED ENTRY--TOPICAL TERM
Topical term or geographic name as entry element Printed circuits
General subdivision Testing.
906 ## - LOCAL DATA ELEMENT F, LDF (RLIN)
a 7
b cbc
c orignew
d 1
e ocip
f 19
g y-gencatlg
942 ## - ADDED ENTRY ELEMENTS (KOHA)
Source of classification or shelving scheme
Koha item type Book
Holdings
Withdrawn status Lost status Source of classification or shelving scheme Damaged status Not for loan Home library Current library Shelving location Date acquired Total Checkouts Full call number Barcode Date last seen Copy number Price effective from Koha item type
          Riara University Library Riara University Library General stack 11/06/2015   TK7868.P7B37 1985 5902/15 11/06/2015 C.1 11/06/2015 Book

Riara University Library,
P.O. Box 49940-00100,
Nairobi, Kenya.